000 00273 a2200133 4500
001 48000
040 _cAnchieta - Aquarius
100 _aAlencar, José de
240 1 0 _aSenhora
_lpor
245 1 0 _aSenhora
300 _a124
650 4 _aLiteratura brasileira
942 _cBK
999 _c48000
_d48000